| 000 | 00578nam a2200169 a 4500 | ||
|---|---|---|---|
| 001 | 2459 | ||
| 003 | CDMR | ||
| 005 | 20131021133704.0 | ||
| 008 | 130130s1971||||||||||||||||||||||||||||d | ||
| 040 |
_aCDMR _bcat _cCDMR |
||
| 100 | 1 |
_aPoyal Costa, José Luis _91841 |
|
| 245 | 1 | 4 |
_aLas nuevas técnicas de organización en la empresa periodística _cJosé Luis Poyal Costa ; prólogo de Alejandro Fernández Sordo |
| 260 |
_aOviedo _bGraf. Summa [Distribuïdor] _cDL 1971 |
||
| 300 | _a108 p. | ||
| 650 | 0 | 4 |
_93665 _aEmpreses periodístiques _xDirecció i administració |
| 942 |
_cMON _2udc |
||
| 999 |
_c2459 _d2459 |
||